| 000 | 00445cam a22001934a 4500 | ||
|---|---|---|---|
| 005 | 20250605164316.0 | ||
| 008 | 250528s ||||||||||||||||||||||||d | ||
| 035 | _a22688 | ||
| 020 | _a9780130481184 | ||
| 040 |
_aGR-AtMCL _bgre _dGR-AtMCL _eAACR2 |
||
| 245 | 1 | _aDRUGS AND BEHAVIOR | |
| 250 | _a5 | ||
| 260 |
_bPrentice Hall, _c2003 |
||
| 300 | _a380 | ||
| 700 | 1 |
_aMckim William _9137 |
|
| 942 | _cBK | ||
| 999 |
_c7736 _d7736 |
||